Statistics for Γρήγορη Πληκτρολόγηση από Α έως Ω

Click here to take the quiz!

General Stats

  • This quiz has been taken 248 times
    (246 since last reset)
  • The average score is 19 of 24

Answer Stats

γράμμα% Correct
Α
98%
Γ
94%
Δ
93%
Β
93%
Ε
89%
Ζ
89%
Η
89%
Λ
88%
Κ
87%
Ξ
87%
Θ
86%
Ι
86%
Π
86%
Μ
84%
Ο
84%
Σ
83%
Ν
83%
Ρ
81%
Τ
70%
Υ
61%
Φ
61%
Χ
58%
Ψ
53%
Ω
47%

Score Distribution

Percentile by Number Answered

Percent of People with Each Score

Your Score History

You have not taken this quiz since the last reset